Keith Sweat Discography - Statistics

General Stats
  • This quiz has been taken 3 times
  • The average score is 8 of 19
Answer Stats
Type Year Name % Correct
Album 1996 Keith Sweat
100%
Album 1994 Get Up on It
67%
Album 1990 I'll Give All My Love to You
67%
Live Album 2003 Keith Sweat Live
67%
Album 1987 Make It Last Forever
67%
Compilation 2004 The Best of Keith Sweat: Make You Sweat
67%
Holiday Album 2007 A Christmas of Love
33%
Album 2000 Didn't See Me Coming
33%
Album 2016 Dress to Impress
33%
Compilation 2015 Harlem Romance: The Love Collection
33%
Album 2008 Just Me
33%
Album 1991 Keep It Comin'
33%
Album 2002 Rebirth
33%
Album 2010 Ridin' Solo
33%
Album 1998 Still in the Game
33%
Live Album 2007 Sweat Hotel Live
33%
Album 2011 Til the Morning
33%
Compilation 2017 An Introduction To: Keith Sweat
0%
Compilation 1997 Just a Touch
0%
No matching quizzes found
Score Distribution
Percent of People with Each Score
Percentile by Number Answered
Your Score History
You have not taken this quiz